Records de l'équipe du Portugal de football - Statistiques

Statistiques générales
  • Ce quiz a été pris 52 fois
  • Le résultat moyen est 34 sur 63
Statistiques - réponses
Sujets Records & Statistiques Joueur & Sélectionneur % Correct
Joueur le plus titrés 3 titres Ronaldo
100%
Nombre de sélections 221 sélections Ronaldo
100%
Plus jeune joueur avec 100 sélections 27 ans, 8 mois et 11 jours Ronaldo
100%
Plus jeune joueur avec 150 sélections 33 ans, 4 mois et 2 jours Ronaldo
100%
Plus jeune joueur avec 200 sélections 38 ans, 4 mois et 15 jours Ronaldo
100%
Record de capitanat 153 capitanat Ronaldo
100%
Meilleurs buteurs 138 buts Ronaldo
100%
Buteur le plus âgé 40 ans, 4 mois et 3 jours Ronaldo
100%
Meilleurs passeurs 46 passes décisives Ronaldo
100%
Joueur ayant participé au plus grand nombre de matchs en Coupe du Monde 22 matchs Ronaldo
100%
Plus grand nombre de participations à une phase finale de Coupe du Monde 5 participations Ronaldo
100%
Joueur ayant participé au plus grand nombre de matchs à l'Euro 30 matchs Ronaldo
100%
Plus grand nombre de participations à une phase finale de l'Euro 6 participations Ronaldo
100%
Meilleur buteur portugais de l'histoire de l'Euro 14 buts Ronaldo
100%
Meilleur buteur portugais de l'histoire de la Nation League 15 buts Ronaldo
100%
Nombre de sélections 141 sélections Pepe
95%
Joueur le plus âgé 41 ans, 4 mois et 7 jours Pepe
95%
Plus vieux joueur avec 100 sélections 35 ans, 6 mois et 8 jours Pepe
95%
Nombre de sélections 127 sélections Figo
84%
Meilleurs buteurs 32 buts Figo
84%
Meilleurs passeurs 44 passes décisives Figo
84%
Meilleurs buteurs 41 buts Eusebio
81%
Meilleur buteur portugais de l'histoire de la Coupe du Monde 9 buts Eusebio
81%
Nombre de sélections 146 sélections Moutinho
63%
Meilleurs passeurs 26 passes décisives Moutinho
63%
Nombre de sélections 108 sélections Patricio
63%
Gardien le plus sélectionné 108 sélections Patricio
63%
Nombre de sélections 112 sélections Nani
56%
Meilleurs buteurs 24 buts Nani
56%
Meilleurs passeurs 24 passes décisives Nani
56%
Meilleurs buteurs 47 buts Pauleta
56%
Meilleurs passeurs 25 passes décisives Quaresma
56%
Meilleurs passeurs 20 passes décisives Deco
51%
Nombre de sélections 102 sélections Silva
51%
Meilleurs passeurs 28 passes décisives Silva
51%
Sélectionneurs les plus capés 30 matchs Silva
51%
Joueur ayant participé au plus grand nombre de matchs en Nation League 26 matchs Silva
51%
Meilleurs buteurs 25 buts Fernandes
49%
Meilleurs passeurs 23 passes décisives Fernandes
49%
Nombre de sélections 94 sélections Costa
37%
Meilleurs buteurs 26 buts Costa
37%
Meilleurs passeurs 20 passes décisives Costa
37%
Sélectionneurs les plus capés 109 matchs Santos
35%
Sélectionneurs les plus capés 30 matchs Martinez
30%
Meilleurs buteurs 27 buts Postiga
19%
Sélectionneurs les plus capés 74 matchs Scolari
14%
Nombre de sélections 96 sélections Alves
12%
Sélectionneurs les plus capés 47 matchs Bento
12%
Nombre de sélections 110 sélections Couto
12%
Joueur le plus jeune 17 ans, 6 mois et 24 jours Futre
12%
Meilleurs buteurs 29 buts Gomes
12%
Nombre de matchs consécutifs 54 matchs Meireles
12%
Meilleurs buteurs 23 buts Pinto
12%
Meilleurs passeurs 14 passes décisives Simao
9%
Sélectionneurs les plus capés 49 matchs Queiroz
7%
Premier buteur à l'Euro 17 juin 1984 Sousa
7%
Sélectionneurs les plus capés 31 matchs Antunes
5%
Premier buteur en Coupe du Monde 13 juillet 1966 Augusto
5%
Buteur le plus jeune 17 ans, 9 mois et 25 jours Chalana
5%
Sélectionneurs les plus capés 44 matchs Oliveira
5%
Gardien le plus âgé 38 ans, 8 mois et 3 jours Damas
2%
Sélectionneurs les plus capés 28 matchs Gloria
2%
Sélectionneurs les plus capés 40 matchs Juca
2%
Aucun quiz correspondant
Distribution des résultats
% des personnes avec chaque résultat
Percentile par nombre de réponses
Votre historique - résultats
Vous n’avez pas pris ce quiz